El salario de los indios y los sesmos del oro en la tasa de Santillán

Gorde:
Xehetasun bibliografikoak
Egile nagusia: Jara Hantke, Álvaro (Egilea)
Formatua: Liburua
Hizkuntza:gaztelania
Argitaratua: Santiago, Chile Universidad de Chile 1961
Saila:Estudios de Historia Económica Americana. Trabajo y Salario en el Período Colonial, 3
Gaiak:
Etiketak: Etiketa erantsi
Etiketarik gabe, Izan zaitez lehena erregistro honi etiketa jartzen!

MARC

LEADER 00000nam a2200000 a 4500
001 UCP7663
003 CL-VaPUC
005 20230118123724.0
008 991217e19610000CL |||||||||||||||||spa|d
999 |c 284780  |d 284778 
040 |c Pontificia Universidad Católica de Valparaíso 
082 0 4 |a 331.0983 JAR 1961  |2 21 
100 |a Jara Hantke, Álvaro  |e author  |9 559230 
245 1 3 |a El salario de los indios y los sesmos del oro en la tasa de Santillán 
260 |a Santiago, Chile  |b Universidad de Chile  |c 1961 
300 |a 120 páginas 
490 0 |a Estudios de Historia Económica Americana. Trabajo y Salario en el Período Colonial,  |v  3 
583 |a last modification  |c 19991217 00:00:00  |k Rodrigo Vera 
650 0 |a Historia económica  |z CHILE  |9 307218 
650 7 |a EPOCA COLONIAL  |2 CL-VaPUC  |9 437211  |z CHILE 
650 0 |a Indígenas  |z CHILE  |9 317064 
650 0 |a Economía laboral   |z CHILE  |9 358958 
852 |a BIBCUR 
942 |c BK  |2 ddc 
945 |d 19991217 00:00:00  |a crobeson 
952 |0 0  |1 0  |2 ddc  |4 0  |6 331_098300000000000_JAR_1961  |7 0  |8 A  |9 329011  |a BIBHIS  |b BIBHIS  |d 2019-11-20  |i 137351K  |o 331.0983 JAR 1961  |p 137351K  |r 2025-01-20  |t 1  |w 2019-11-20  |y BK  |k HIS 
952 |0 0  |1 0  |2 ddc  |4 0  |6 331_098300000000000_JAR_1961  |7 0  |8 A  |9 329012  |a BIBHIS  |b BIBHIS  |d 2019-11-20  |i 3879429  |l 1  |o 331.0983 JAR 1961  |p 3879429  |r 2025-01-20  |s 2022-10-21  |t 2  |w 2019-11-20  |y BK  |k HIS